A génmódosított organizmusok helyzete a transzatlanti kereskedelmi egyezmények (TTIP, CETA) tükrében

Bibliográfiai részletek
Szerző: Sallai Eszter
További közreműködők: Novák Dr. Tamás
Dokumentumtípus: Diplomadolgozat
Kulcsszavak:GMO
TTIP
CETA
Európai Unió
Kereskedelmi egyezmények
Online Access:http://dolgozattar.uni-bge.hu/8564

MARC

LEADER 00000nta a2200000 i 4500
001 dolg8564
005 20170619085025.0
008 161209suuuu hu om 000 hun d
040 |a BGE Dolgozattár Repozitórium  |b hun 
041 |a hu 
100 1 |a Sallai Eszter 
245 1 2 |a A génmódosított organizmusok helyzete a transzatlanti kereskedelmi egyezmények (TTIP, CETA) tükrében  |c Sallai Eszter  |h [elektronikus dokumentum] 
695 |a GMO 
695 |a TTIP 
695 |a CETA 
695 |a Európai Unió 
695 |a Kereskedelmi egyezmények 
700 1 |a Novák Dr. Tamás  |e ths 
856 4 0 |u http://dolgozattar.uni-bge.hu/8564/1/merged_document.pdf  |z Dokumentum-elérés